Urdu language and literature : (Record no. 128743)

MARC details
000 -LEADER
fixed length control field 00692nam a22002297a 4500
005 - DATE AND TIME OF LATEST TRANSACTION
control field 20170124110044.0
010 ## - LIBRARY OF CONGRESS CONTROL NUMBER
LC control number A-463804
020 ## - INTERNATIONAL STANDARD BOOK NUMBER
Terms of availability 00.00
035 ## - SYSTEM CONTROL NUMBER
System control number A-463804
037 ## - SOURCE OF ACQUISITION
Source of stock number/acquisition Cen Lib/Ret
040 ## - CATALOGING SOURCE
Original cataloging agency DPL
Language of cataloging EN
082 ## - DEWEY DECIMAL CLASSIFICATION NUMBER
Classification number 840.9
Item number NAR
100 ## - MAIN ENTRY--PERSONAL NAME
Personal name Narang, Gopi Chand
9 (RLIN) 24288
245 ## - TITLE STATEMENT
Title Urdu language and literature :
Statement of responsibility, etc by Gopi Chand Narang
Remainder of title critical perspective /
260 ## - PUBLICATION, DISTRIBUTION, ETC. (IMPRINT)
Place of publication, distribution, etc New Delhi
Name of publisher, distributor, etc Sterling publishing house
Date of publication, distribution, etc 1991
270 ## - ADDRESS
City New Delhi
Address Connaught circus
Postal code 110001
300 ## - PHYSICAL DESCRIPTION
Extent 224p.
Dimensions 21cm(Hb)
500 ## - GENERAL NOTE
General note Includes index
650 ## - SUBJECT ADDED ENTRY--TOPICAL TERM
Topical term or geographic name as entry element Indian literature
9 (RLIN) 101848
650 ## - SUBJECT ADDED ENTRY--TOPICAL TERM
Topical term or geographic name as entry element Urdu literature
9 (RLIN) 101849
942 ## - ADDED ENTRY ELEMENTS (KOHA)
Source of classification or shelving scheme Dewey Decimal Classification
Koha item type English Books
Classification part 840.9
Call number suffix NAR
Holdings
Withdrawn status Lost status Damaged status Not for loan Home library Current library Date acquired Source of acquisition Cost, normal purchase price Total Checkouts Full call number Barcode Date last seen Date checked out Copy number Cost, replacement price Price effective from Koha item type
        Central Library Central Library 03/07/2015 Cen Lib/Ret 0.00 1 840.9 NAR A-463804 30/11/2021 30/11/2021 1 0.00 15/09/2016 English Books

© Delhi Public Library
Hit Counter
free hit counter